00872cam a2200241Ia 45000010006000000050017000060080041000230350023000640400018000870350036001050410013001411000027001542400032001812450121002132600058003343000021003924900039004135040051004525000041005036500016005446500010005608300060005704656620230411085958.0760430s1970 ve b 001 0 spa d a(OCoLC)ocm02150118 aMKNcMKNdTJC a(OCoLC)2150118z(OCoLC)408374741 aspahita1 aDorfles, Gillo,d1910-10aEstetica del mito.lSpanish13aLa estética del mito :b(de Vico a Wittgenstein) /cGillo Dorfles ; [versión española de Roberto J. Vernengo]. aCaracas, Venezuela :bEditorial Tiempo Nuevo,c[1970] a119 p. ;c21 cm.1 aColección Temas contemporáneos aIncludes bibliographical references and index. aTranslation of: L'estetica del mito. 0aAesthetics. 0aMyth. 0aColección Temas contemporáneos (Caracas, Venezuela)